000 00771nam a22002417a 4500
999 _c3966
_d3966
003 AR-CdUCM
008 190307b ||||| |||| 00| 0 spa d
040 _aMUNICIPALIDAD PROVINCIAL DEL CUSCO
_cBIBLIOTECA MUNICIPAL DEL CUSCO
041 _heng.
082 _a803 /
_bAL32
100 _aAlberes, Rene-Marie
_912687
245 _aMetamorfosis de la novela /
260 _aMadrid :
_bEdic.Turus,
_c1971
300 _a309 paginas ;
_c20 cm.
505 _aContenido :Arquitectura --Vidrieras-Esterocopias y estereofonias /
650 _aFormas polifonicas
_912688
650 _aFormas musicales
_912689
650 _aFormas estereofónicos
_912690
650 _aNovela
_95
700 _aCecilio Sanchez Gil (traductor)
_912691
942 _2ddc
_cLIBROS
945 _arjall